=LDR 00000nam 2200000 4500 =001 INLIS000000000810430 =005 20251209093851 =035 ##$$a 0010-1225000068 =007 ta =008 251209###########################0###### =020 ##$$a 9789793407760 =082 ##$$a 297.124 =084 ##$$a 297.124 NAW s =245 ##$$a Syarah Arbain An-Nawawi /$c Imam Nawawi, Ibnu Daqiq Al-Ied, Syaikh As-Sa’di, Syaikh Utsaimin =250 ##$$a Cet. 3 =260 ##$$a Jakarta : :$b Darul Haq =300 ##$$a 400 Hlm ; $c 24 cm